عرض عادي
عرض مارك
- Economic history
مدخل مصطلح موضوعي
001 - رقم الضبط
- حقل الضبط: 5912
003 - معرف رقم الضبط
- حقل الضبط: OSt
005 - تاريخ ووقت أخر عملية
- حقل الضبط: 20111031162308.0
008 - عناصر بيانات ثابتة الطول
- حقل تحكم ثابت الطول: 111031|||a|||||| | ||| d
040 ## - مصدر الفهرسة
- هيئة الفهرسة الأصلية: OSt
- وكالة الكتابة: OSt
150 ## - مدخل-- مصطلح تاريخي
- عنصر مدخل المصطلح الموضوعي او الاسم الجغرافي: Economic history
- تقسيم فرعي تاريخي: 1945-
670 ## - بيانات المصدر موجوده
- الاستشهاد بالمصدر: Work cat.: (OSt)709: Nellis, J. G. 5910, The essence of the economy /, 1996.
